The Gododdin: the oldest Scottish poem.

Bibliographic Details
Main Author: Jackson, Kenneth Hurlstone, 1909-1991
Other Authors: Aneirin
Format: Book
Language:English
Welsh
Published: Edinburgh : Edinburgh U.P., 1969.
Subjects:

MARC

Tag First Indicator Second Indicator Subfields
LEADER 00000cam a2200000 4500
001 in00000207313
005 20151009054546.0
008 690730s1969 stk 00100 eng
010 |a  68058881  
015 |a B69-08791 
020 |a 085224049X  |c 40/- 
035 |a (OCoLC)00011213 
035 |9 AAW8270AM 
040 |a DLC  |c DLC  |d TXA  |d UtOrBLW 
041 1 |a eng  |a wel 
049 |a TXAM  |c [528527] 
050 0 0 |a PB2273.A73  |b J3 
082 0 |a 891.6/6/11 
100 1 |a Jackson, Kenneth Hurlstone,  |d 1909-1991. 
245 1 4 |a The Gododdin: the oldest Scottish poem. 
264 1 |a Edinburgh :  |b Edinburgh U.P.,  |c 1969. 
300 |a xi, 178 pages ;  |c 21 cm. 
336 |a text  |b txt  |2 rdacontent 
337 |a unmediated  |b n  |2 rdamedia 
338 |a volume  |b nc  |2 rdacarrier 
500 |a Includes the author's English translation of the text. 
600 0 0 |a Aneirin.  |t Gododdin. 
700 0 2 |a Aneirin.  |t Gododdin.  |l Welsh.  |f 1969. 
999 |a MARS 
999 f f |s ec28231c-9d31-355b-9cbf-aafb78a01eba  |i cf14b5ce-944d-3b10-8ac2-dd5b065fcc35  |t 0 
952 f f |p ric  |a Texas A&M University  |b Rellis Campus  |c Joint Library Facility  |s JLF  |d Remote Storage  |t 0  |e PB2273.A73 J3  |h Library of Congress classification  |i unmediated -- volume  |m A14803562074 
998 f f |a PB2273.A73 J3  |t 0  |l Remote Storage